[Event "World ol U16"]
[Site "Corum"]
[Date "2019.11.05"]
[Round "9.24"]
[White "Hatirli, Ugur Can"]
[Black "Abdikani, Mohamed"]
[Result "1-0"]
[WhiteElo "1852"]
[BlackElo "1518"]
[PlyCount "125"]
[EventDate "2019.10.29"]
[EventType "team-swiss"]
[EventRounds "9"]
[EventCountry "TUR"]
[SourceTitle "CBM 192 Extra"]
[Source "Chessbase"]
[SourceDate "2019.11.06"]
[SourceVersion "1"]
[SourceVersionDate "2019.11.06"]
[SourceQuality "1"]
[WhiteTeam "Turkey Corum"]
[BlackTeam "Somalia"]
[WhiteTeamCountry "TUR"]
[BlackTeamCountry "SOM"]

1. d4 Nf6 2. c4 e6 3. Nf3 d5 4. g3 Bb4+ 5. Bd2 Be7 6. Bg2 0-0 7. 0-0 Ne4 8. Nc3 f5 9. Rc1 Nd7 10. cxd5 Nxc3 11. Bxc3 exd5 12. Qb3 c6 13. Rfd1 Qe8 14. Ne1 Qf7 15. Nd3 Bd6 16. e3 Re8 17. Bb4 Qe7 18. Bxd5+ Kh8 19. Bf3 Bxb4 20. Qxb4 Nb6 21. Qxe7 Rxe7 22. b3 Be6 23. Nf4 Bd5 24. Nxd5 Nxd5 25. Bxd5 cxd5 26. Rc5 Rd8 27. Rdc1 Kg8 28. Rc7 Kf7 29. Kf1 Ke6 30. Ke2 Rdd7 31. Rxd7 Rxd7 32. Rc8 a6 33. Kd2 Kd6 34. h4 Rc7 35. Rd8+ Rd7 36. Rh8 g6 37. f3 Ke6 38. Re8+ Re7 39. Rc8 Kd6 40. a4 Rc7 41. Rd8+ Rd7 42. Rg8 Ke6 43. a5 Kd6 44. Rc8 Ke6 45. Kd3 Kd6 46. b4 Re7 47. Rc5 h5 48. b5 Rc7 49. bxa6 bxa6 50. Rxc7 Kxc7 51. e4 dxe4+ 52. fxe4 fxe4+ 53. Kxe4 Kd6 54. d5 Kd7 55. Ke5 Ke7 56. d6+ Kd7 57. Kd5 Kd8 58. Ke6 Ke8 59. d7+ Kd8 60. Kd6 g5 61. hxg5 h4 62. g6 hxg3 63. g7 1-0

[Event "World ol U16"]
[Site "Corum"]
[Date "2019.11.04"]
[Round "8.23"]
[White "Singh, Eshwant"]
[Black "Abdikani, Mohamed"]
[Result "1-0"]
[WhiteElo "1910"]
[BlackElo "1518"]
[PlyCount "61"]
[EventDate "2019.10.29"]
[EventType "team-swiss"]
[EventRounds "9"]
[EventCountry "TUR"]
[SourceTitle "CBM 192 Extra"]
[Source "Chessbase"]
[SourceDate "2019.11.06"]
[SourceVersion "1"]
[SourceVersionDate "2019.11.06"]
[SourceQuality "1"]
[WhiteTeam "Malaysia II"]
[BlackTeam "Somalia"]
[WhiteTeamCountry "MAS"]
[BlackTeamCountry "SOM"]

1. d4 Nf6 2. c4 d5 3. Nf3 g6 4. g3 Bg7 5. Bg2 0-0 6. 0-0 c6 7. cxd5 cxd5 8. Ne5 Nbd7 9. Nc3 e6 10. f4 a6 11. a4 b6 12. b4 Bb7 13. Ba3 Re8 14. b5 Nxe5 15. fxe5 Ne4 16. Bxe4 dxe4 17. bxa6 Rxa6 18. Nb5 Bf8 19. Bd6 e3 20. Nc7 Bxd6 21. exd6 Ra5 22. Nxe8 Qxe8 23. Qc2 Qa8 24. Qc7 f5 25. d7 Rd5 26. Rab1 Rxd7 27. Qxd7 Bh1 28. Qxe6+ Kg7 29. d5 Bxd5 30. Qe5+ Kh6 31. Qxe3+ 1-0

[Event "World ol U16"]
[Site "Corum"]
[Date "2019.10.30"]
[Round "2.24"]
[White "Abdikani, Mohamed"]
[Black "Kwong, Wing Ki"]
[Result "0-1"]
[WhiteElo "1518"]
[BlackElo "1822"]
[PlyCount "124"]
[EventDate "2019.10.29"]
[EventType "team-swiss"]
[EventRounds "9"]
[EventCountry "TUR"]
[SourceTitle "CBM 192 Extra"]
[Source "Chessbase"]
[SourceDate "2019.11.06"]
[SourceVersion "1"]
[SourceVersionDate "2019.11.06"]
[SourceQuality "1"]
[WhiteTeam "Somalia"]
[BlackTeam "Hong Kong"]
[WhiteTeamCountry "SOM"]
[BlackTeamCountry "HKG"]

1. e4 e5 2. Nf3 Nc6 3. d4 exd4 4. Nxd4 Bb4+ 5. Nc3 Nf6 6. Nxc6 bxc6 7. Bd3 0-0 8. 0-0 Re8 9. Re1 h6 10. Bd2 Bf8 11. Qf3 d6 12. h3 Rb8 13. b3 g6 14. Rad1 Bg7 15. a4 Nd7 16. Qg3 Nc5 17. Bc4 Be6 18. Bxe6 Nxe6 19. f4 Nd4 20. f5 Kh7 21. Rf1 g5 22. f6 Bxf6 23. Qf2 Bg7 24. Be3 Ne6 25. Qxf7 Qe7 26. Qf5+ Kh8 27. Ne2 Be5 28. Qg6 Qh7 29. Qh5 Rf8 30. Qg4 Qg6 31. Ng3 Nf4 32. Ne2 Nxe2+ 33. Qxe2 Qxe4 34. Qd2 c5 35. Rde1 Qc6 36. Bxg5 hxg5 37. Qxg5 Qd7 38. Re4 Bd4+ 39. Kh2 Rxf1 40. Rh4+ Qh7 41. Rxh7+ Kxh7 42. Qe7+ Kg8 43. Qg5+ Bg7 44. Qd5+ Rf7 45. Qg5 Rbf8 46. h4 Rf5 47. Qg6 Kh8 48. h5 Be5+ 49. Kh3 R5f6 50. Qe4 Rg8 51. Qc6 Rf5 52. g4 Rf4 53. Qd7 Rfxg4 54. Qxg4 Rxg4 55. Kxg4 Kg7 56. Kf5 Kf7 57. Ke4 Ke6 58. c4 c6 59. h6 a5 60. h7 d5+ 61. cxd5+ cxd5+ 62. Kd3 Kf7 0-1

[Event "World ol U16"]
[Site "Corum"]
[Date "2019.10.29"]
[Round "1.24"]
[White "Abdikani, Mohamed"]
[Black "Ceres, Dragos"]
[Result "0-1"]
[WhiteElo "1518"]
[BlackElo "2302"]
[PlyCount "64"]
[EventDate "2019.10.29"]
[EventType "team-swiss"]
[EventRounds "9"]
[EventCountry "TUR"]
[SourceTitle "CBM 192 Extra"]
[Source "Chessbase"]
[SourceDate "2019.11.06"]
[SourceVersion "1"]
[SourceVersionDate "2019.11.06"]
[SourceQuality "1"]
[WhiteTeam "Somalia"]
[BlackTeam "Moldova"]
[WhiteTeamCountry "SOM"]
[BlackTeamCountry "MDA"]

1. c4 e5 2. Nc3 Nf6 3. g3 c6 4. e4 Bb4 5. Bg2 0-0 6. Nge2 d6 7. 0-0 a5 8. d3 Bc5 9. Rb1 Be6 10. a3 Na6 11. Na4 Ba7 12. Be3 Bxe3 13. fxe3 b5 14. cxb5 cxb5 15. Nac3 b4 16. Nd5 Bxd5 17. exd5 Ng4 18. Qd2 Qg5 19. Rf3 Nc5 20. d4 exd4 21. Nxd4 Ne5 22. Rf4 g6 23. Rbf1 Rae8 24. Qc2 Ned3 25. R4f3 a4 26. Qd2 bxa3 27. bxa3 Ne5 28. Rf4 Nc4 29. Qa2 Nxe3 30. Rb1 Nxg2 31. Qxg2 Nd3 32. Rf3 Ne1 0-1